Statistics for Famous People Named Rock

Click here to take the quiz!

General Stats

  • This quiz has been taken 196 times
  • The average score is 5 of 10

Answer Stats

LifeHintPerson% Correct
1972-Dwayne JohnsonThe Rock
96%
1965-Popular stand-up comedianChris Rock
86%
FictionalItalian-American boxer from PhiladelphiaRocky Balboa
72%
FictionalCartoon squirrel and mooseRocky and Bullwinkle
63%
1925-1985Star of Giant and Pillow TalkRock Hudson
55%
1971-Singer of "Bawitdaba"Kid Rock
40%
1923-1969Undefeated heavyweight boxing champRocky Marciano
40%
1966-Beastie Boys memberAd-Rock
24%
1976-Underground hip hop artist with a "fable"ous name{Aesop} Rock
12%
1954-Producer for Metallica, Mötley Crüe, and others{Bob} Rock
9%

Score Distribution

Percentile by Number Answered

Percent of People with Each Score

Your Score History

You have not taken this quiz